000 00568nam a2200217Ia 4500
003 OSt
005 20221005125452.0
006 a|||||r|||| 00| 0
007 ta
008 221004b |||||||| |||| 00| 0 tam d
024 _a51540
037 _cTextual
040 _aCRL
_cCRL
_btam
041 _2tam
_atam
082 _aQ22:417x1,21, 31J6.1
100 _aThirumangaiazhvar
_9636716
245 0 _aPeria thirumozhi
650 _aRELIGION
942 _hQ22:417x1,21, 31J6.1
_cTEXL
_2cc
999 _c1054104
_d1054104